Statistics for Yankees 2024 (Opening Day) Roster

Click here to take the quiz!

General Stats

  • This quiz has been taken 99 times
    (61 since last reset)
  • The average score is 19 of 28

Answer Stats

Hint#Answer% Correct
OF99Aaron Judge
100%
1B48Anthony Rizzo
100%
DH27Giancarlo Stanton
100%
SS11Anthony Volpe
98%
2B25Gleyber Torres
98%
OF22Juan Soto
98%
C39Jose Trevino
94%
3B/UT95Oswaldo Cabrera
94%
OF24Alex Verdugo
91%
SP (Injured)45Gerrit Cole
91%
SP65Nestor Cortes
91%
C88Austin Wells
85%
CP35Clay Holmes
81%
3B (Injured)26DJ LeMahieu
77%
SP0Marcus Stroman
74%
SP55Carlos Rodon
70%
SP81Luis Gil
66%
SP36Clarke Schmidt
57%
OF12Trent Grisham
55%
UT (Injured)91Oswald Peraza
47%
RP71Ian Hamilton
38%
RP64Caleb Ferguson
34%
RP30Luke Weaver
32%
RP57Nick Burdi
30%
UT74Kevin Smith
21%
RP81Victor Gonzalez
21%
RP53Dennis Santana
17%
Rp43Jonathan Loaisiga
17%

Score Distribution

Percentile by Number Answered

Percent of People with Each Score

Your Score History

You have not taken this quiz since the last reset